| 000 | 00875nas a2200277 4500 | ||
|---|---|---|---|
| 001 | BR8600709 | ||
| 003 | BR-BrBNA | ||
| 005 | 20231205090339.0 | ||
| 007 | ta | ||
| 008 | 230509b bl.|||p| |||| 00| 00por d | ||
| 040 |
_aBR-BrBNA _bpor _cBiblioteca Nacional de Agricultura |
||
| 041 | _a(Pt) | ||
| 072 | _aF30 | ||
| 100 | 1 | _aPassos, I.R. da S. | |
| 100 | 1 | _aTerra, M.M. | |
| 100 | 1 | _aPires, E.J.P. | |
| 245 | 1 | _aPesquisas com a videira no IAC: cultura in vitro [Instituto Agronomico de Campinas] | |
| 246 | 1 | _a[Research works with grapevine at the IAC: in vitro cultivation [Agronomic Institute of Campinas]] | |
| 650 | _aUVA | ||
| 650 | _aVARIEDADE | ||
| 650 | _aMERISTEMA | ||
| 650 | _aSAO PAULO | ||
| 773 | 0 |
_tAgronomico (Brazil) _xISSN 0365-2726 _g(1985), v. 37(3) p. 155-160 _wBR8600709 |
|
| 909 |
_a202311 _bLúcia _c55 _dLúcia Elande |
||
| 942 |
_2AGRIS _n0 _cANA |
||
| 999 |
_c117773 _d117773 |
||